000
00309nam a2200145Ia 4500
100
_a
DGET
650
_a
General
942
_c
BK
654
_a
maual
245
_a
Training manual for ITI
260
_b
Tata Mc Graw hill
_a
New Delhi
_c
1984
082
_a
658.310202
_b
DGE
300
_a
230
546
_a
ENGLISH
999
_c
35413
_d
35413